| 000 | 00338nam a2200121Ia 4500 | ||
|---|---|---|---|
| 008 | 150202s9999 xx 000 0 und d | ||
| 050 |
_aFIC _bFIC |
||
| 100 | _aHautzig, Esther. | ||
| 245 | 4 |
_aThe endless steppe / _cEsther Hautzig. |
|
| 260 |
_aNew York : _bScholastic book, _c1968. |
||
| 300 |
_a240 pages : _c18 cm. |
||
| 650 | _aFiction. | ||
| 999 |
_c282113 _d282113 |
||